<?xml version="1.0" encoding="UTF-8"?>
<marc:record xmlns:marc="http://www.loc.gov/MARC21/slim" type="Bibliographic">
   <marc:leader>00000pam a2200000 c 4500</marc:leader>
   <marc:controlfield tag="001">944479472</marc:controlfield>
   <marc:controlfield tag="003">DE-101</marc:controlfield>
   <marc:controlfield tag="005">20171202215244.0</marc:controlfield>
   <marc:controlfield tag="007">tu</marc:controlfield>
   <marc:controlfield tag="008">950522s1995    gw ||||| |||| 00||||ger  </marc:controlfield>
   <marc:datafield ind1=" " ind2=" " tag="015">
      <marc:subfield code="a">95,A36,1425</marc:subfield>
      <marc:subfield code="z">95,N24,0209</marc:subfield>
      <marc:subfield code="2">dnb</marc:subfield>
   </marc:datafield>
   <marc:datafield ind1="7" ind2=" " tag="016">
      <marc:subfield code="2">DE-101</marc:subfield>
      <marc:subfield code="a">944479472</marc:subfield>
   </marc:datafield>
   <marc:datafield ind1=" " ind2=" " tag="020">
      <marc:subfield code="a">9783891242070</marc:subfield>
      <marc:subfield code="c">kart. : DM 29.80</marc:subfield>
      <marc:subfield code="9">978-3-89124-207-0</marc:subfield>
   </marc:datafield>
   <marc:datafield ind1=" " ind2=" " tag="020">
      <marc:subfield code="a">3891242077</marc:subfield>
      <marc:subfield code="c">kart. : DM 29.80</marc:subfield>
      <marc:subfield code="9">3-89124-207-7</marc:subfield>
   </marc:datafield>
   <marc:datafield ind1=" " ind2=" " tag="035">
      <marc:subfield code="a">(DE-599)DNB944479472</marc:subfield>
   </marc:datafield>
   <marc:datafield ind1=" " ind2=" " tag="035">
      <marc:subfield code="a">(OCoLC)75573885</marc:subfield>
   </marc:datafield>
   <marc:datafield ind1=" " ind2=" " tag="040">
      <marc:subfield code="a">1140</marc:subfield>
      <marc:subfield code="b">ger</marc:subfield>
      <marc:subfield code="c">DE-101</marc:subfield>
      <marc:subfield code="d">9999</marc:subfield>
   </marc:datafield>
   <marc:datafield ind1=" " ind2=" " tag="041">
      <marc:subfield code="a">ger</marc:subfield>
   </marc:datafield>
   <marc:datafield ind1=" " ind2=" " tag="044">
      <marc:subfield code="c">XA-DE</marc:subfield>
   </marc:datafield>
   <marc:datafield ind1=" " ind2=" " tag="084">
      <marc:subfield code="a">50</marc:subfield>
      <marc:subfield code="a">14</marc:subfield>
      <marc:subfield code="a">33</marc:subfield>
      <marc:subfield code="a">790</marc:subfield>
      <marc:subfield code="a">793</marc:subfield>
      <marc:subfield code="a">796</marc:subfield>
      <marc:subfield code="q">DE-101</marc:subfield>
      <marc:subfield code="2">sdnb</marc:subfield>
   </marc:datafield>
   <marc:datafield ind1=" " ind2=" " tag="084">
      <marc:subfield code="a">34.1</marc:subfield>
      <marc:subfield code="a">34.1</marc:subfield>
      <marc:subfield code="a">34.1</marc:subfield>
      <marc:subfield code="q">DE-101</marc:subfield>
      <marc:subfield code="2">sswd</marc:subfield>
   </marc:datafield>
   <marc:datafield ind1="1" ind2=" " tag="100">
      <marc:subfield code="0">(DE-588)11342843X</marc:subfield>
      <marc:subfield code="0">http://d-nb.info/gnd/11342843X</marc:subfield>
      <marc:subfield code="0">(DE-101)11342843X</marc:subfield>
      <marc:subfield code="a">Rheker, Uwe</marc:subfield>
      <marc:subfield code="e">Verfasser</marc:subfield>
      <marc:subfield code="4">aut</marc:subfield>
   </marc:datafield>
   <marc:datafield ind1="0" ind2="0" tag="245">
      <marc:subfield code="a">Spiel und Sport für alle</marc:subfield>
      <marc:subfield code="b">Integrationssport für Familie, Verein und Freizeit</marc:subfield>
      <marc:subfield code="c">Uwe Rheker</marc:subfield>
   </marc:datafield>
   <marc:datafield ind1=" " ind2=" " tag="250">
      <marc:subfield code="a">2., unveränd. Aufl.</marc:subfield>
   </marc:datafield>
   <marc:datafield ind1=" " ind2=" " tag="259">
      <marc:subfield code="a">12</marc:subfield>
   </marc:datafield>
   <marc:datafield ind1=" " ind2="1" tag="264">
      <marc:subfield code="a">Aachen</marc:subfield>
      <marc:subfield code="b">Meyer und Meyer</marc:subfield>
      <marc:subfield code="c">1995</marc:subfield>
   </marc:datafield>
   <marc:datafield ind1=" " ind2=" " tag="300">
      <marc:subfield code="a">242 S.</marc:subfield>
      <marc:subfield code="b">Ill., graph. Darst.</marc:subfield>
      <marc:subfield code="c">21 cm</marc:subfield>
   </marc:datafield>
   <marc:datafield ind1=" " ind2=" " tag="336">
      <marc:subfield code="a">Text</marc:subfield>
      <marc:subfield code="b">txt</marc:subfield>
      <marc:subfield code="2">rdacontent</marc:subfield>
   </marc:datafield>
   <marc:datafield ind1=" " ind2=" " tag="337">
      <marc:subfield code="a">ohne Hilfsmittel zu benutzen</marc:subfield>
      <marc:subfield code="b">n</marc:subfield>
      <marc:subfield code="2">rdamedia</marc:subfield>
   </marc:datafield>
   <marc:datafield ind1=" " ind2=" " tag="338">
      <marc:subfield code="a">Band</marc:subfield>
      <marc:subfield code="b">nc</marc:subfield>
      <marc:subfield code="2">rdacarrier</marc:subfield>
   </marc:datafield>
   <marc:datafield ind1="1" ind2=" " tag="490">
      <marc:subfield code="a">Behinderte machen Sport</marc:subfield>
      <marc:subfield code="v">Bd. 1</marc:subfield>
   </marc:datafield>
   <marc:datafield ind1=" " ind2=" " tag="500">
      <marc:subfield code="a">Literaturverz. S. 233 - 242</marc:subfield>
   </marc:datafield>
   <marc:datafield ind1=" " ind2="7" tag="650">
      <marc:subfield code="0">(DE-588)4319602-0</marc:subfield>
      <marc:subfield code="0">http://d-nb.info/gnd/4319602-0</marc:subfield>
      <marc:subfield code="0">(DE-101)043196020</marc:subfield>
      <marc:subfield code="a">Integrationssport</marc:subfield>
      <marc:subfield code="2">gnd</marc:subfield>
   </marc:datafield>
   <marc:datafield ind1=" " ind2="7" tag="650">
      <marc:subfield code="0">(DE-588)4319602-0</marc:subfield>
      <marc:subfield code="0">http://d-nb.info/gnd/4319602-0</marc:subfield>
      <marc:subfield code="0">(DE-101)043196020</marc:subfield>
      <marc:subfield code="a">Integrationssport</marc:subfield>
      <marc:subfield code="2">gnd</marc:subfield>
   </marc:datafield>
   <marc:datafield ind1=" " ind2="7" tag="650">
      <marc:subfield code="0">(DE-588)4130008-7</marc:subfield>
      <marc:subfield code="0">http://d-nb.info/gnd/4130008-7</marc:subfield>
      <marc:subfield code="0">(DE-101)041300084</marc:subfield>
      <marc:subfield code="a">Familiensport</marc:subfield>
      <marc:subfield code="2">gnd</marc:subfield>
   </marc:datafield>
   <marc:datafield ind1=" " ind2="7" tag="650">
      <marc:subfield code="0">(DE-588)4319602-0</marc:subfield>
      <marc:subfield code="0">http://d-nb.info/gnd/4319602-0</marc:subfield>
      <marc:subfield code="0">(DE-101)043196020</marc:subfield>
      <marc:subfield code="a">Integrationssport</marc:subfield>
      <marc:subfield code="2">gnd</marc:subfield>
   </marc:datafield>
   <marc:datafield ind1=" " ind2="7" tag="650">
      <marc:subfield code="0">(DE-588)4178427-3</marc:subfield>
      <marc:subfield code="0">http://d-nb.info/gnd/4178427-3</marc:subfield>
      <marc:subfield code="0">(DE-101)041784278</marc:subfield>
      <marc:subfield code="a">Rollstuhlsport</marc:subfield>
      <marc:subfield code="2">gnd</marc:subfield>
   </marc:datafield>
   <marc:datafield ind1=" " ind2="7" tag="655">
      <marc:subfield code="0">(DE-588)4222208-4</marc:subfield>
      <marc:subfield code="0">http://d-nb.info/gnd/4222208-4</marc:subfield>
      <marc:subfield code="0">(DE-101)042222087</marc:subfield>
      <marc:subfield code="a">Übungssammlung</marc:subfield>
      <marc:subfield code="2">gnd-content</marc:subfield>
   </marc:datafield>
   <marc:datafield ind1=" " ind2="7" tag="655">
      <marc:subfield code="a">Übungssammlung</marc:subfield>
      <marc:subfield code="2">gnd</marc:subfield>
   </marc:datafield>
   <marc:datafield ind1=" " ind2="7" tag="655">
      <marc:subfield code="a">Übungssammlung</marc:subfield>
      <marc:subfield code="2">gnd</marc:subfield>
   </marc:datafield>
   <marc:datafield ind1="0" ind2="0" tag="689">
      <marc:subfield code="0">(DE-588)4319602-0</marc:subfield>
      <marc:subfield code="0">http://d-nb.info/gnd/4319602-0</marc:subfield>
      <marc:subfield code="0">(DE-101)043196020</marc:subfield>
      <marc:subfield code="D">s</marc:subfield>
      <marc:subfield code="a">Integrationssport</marc:subfield>
   </marc:datafield>
   <marc:datafield ind1="0" ind2=" " tag="689">
      <marc:subfield code="5">DE-101</marc:subfield>
      <marc:subfield code="5">DE-101</marc:subfield>
   </marc:datafield>
   <marc:datafield ind1="1" ind2="0" tag="689">
      <marc:subfield code="0">(DE-588)4319602-0</marc:subfield>
      <marc:subfield code="0">http://d-nb.info/gnd/4319602-0</marc:subfield>
      <marc:subfield code="0">(DE-101)043196020</marc:subfield>
      <marc:subfield code="D">s</marc:subfield>
      <marc:subfield code="a">Integrationssport</marc:subfield>
   </marc:datafield>
   <marc:datafield ind1="1" ind2="1" tag="689">
      <marc:subfield code="0">(DE-588)4130008-7</marc:subfield>
      <marc:subfield code="0">http://d-nb.info/gnd/4130008-7</marc:subfield>
      <marc:subfield code="0">(DE-101)041300084</marc:subfield>
      <marc:subfield code="D">s</marc:subfield>
      <marc:subfield code="a">Familiensport</marc:subfield>
   </marc:datafield>
   <marc:datafield ind1="1" ind2="2" tag="689">
      <marc:subfield code="A">f</marc:subfield>
      <marc:subfield code="a">Übungssammlung</marc:subfield>
   </marc:datafield>
   <marc:datafield ind1="1" ind2=" " tag="689">
      <marc:subfield code="5">DE-101</marc:subfield>
      <marc:subfield code="5">DE-101</marc:subfield>
   </marc:datafield>
   <marc:datafield ind1="2" ind2="0" tag="689">
      <marc:subfield code="0">(DE-588)4319602-0</marc:subfield>
      <marc:subfield code="0">http://d-nb.info/gnd/4319602-0</marc:subfield>
      <marc:subfield code="0">(DE-101)043196020</marc:subfield>
      <marc:subfield code="D">s</marc:subfield>
      <marc:subfield code="a">Integrationssport</marc:subfield>
   </marc:datafield>
   <marc:datafield ind1="2" ind2="1" tag="689">
      <marc:subfield code="0">(DE-588)4178427-3</marc:subfield>
      <marc:subfield code="0">http://d-nb.info/gnd/4178427-3</marc:subfield>
      <marc:subfield code="0">(DE-101)041784278</marc:subfield>
      <marc:subfield code="D">s</marc:subfield>
      <marc:subfield code="a">Rollstuhlsport</marc:subfield>
   </marc:datafield>
   <marc:datafield ind1="2" ind2="2" tag="689">
      <marc:subfield code="A">f</marc:subfield>
      <marc:subfield code="a">Übungssammlung</marc:subfield>
   </marc:datafield>
   <marc:datafield ind1="2" ind2=" " tag="689">
      <marc:subfield code="5">DE-101</marc:subfield>
      <marc:subfield code="5">DE-101</marc:subfield>
   </marc:datafield>
   <marc:datafield ind1=" " ind2="0" tag="830">
      <marc:subfield code="a">Behinderte machen Sport</marc:subfield>
      <marc:subfield code="v">Bd. 1</marc:subfield>
      <marc:subfield code="w">(DE-101)981227325</marc:subfield>
      <marc:subfield code="w">(DE-600)2250897-1</marc:subfield>
      <marc:subfield code="9">11</marc:subfield>
      <marc:subfield code="7">as</marc:subfield>
   </marc:datafield>
   <marc:datafield ind1=" " ind2=" " tag="850">
      <marc:subfield code="a">DE-101a</marc:subfield>
      <marc:subfield code="a">DE-101b</marc:subfield>
   </marc:datafield>
   <marc:datafield ind1="r" ind2=" " tag="925">
      <marc:subfield code="a">ra</marc:subfield>
   </marc:datafield>
</marc:record>
